000 00332nam a22001337a 4500
008 210301b ||||| |||| 00| 0 eng d
020 _a067542186
041 _aeng
080 _a37
100 _a25
101 _aEDU
245 _aMerrill 4 Spelling for Worf Mastery-Teacher Edition
_cMerrill Publishibg Company
942 _2udc
_cBK
999 _c55318
_d55318